000 00334 a2200133 4500
005 20250619072230.0
020 _a0-19-806223-0
082 _a346.73 KUM
100 _aKUMAR, S
245 _aCorporate Governance
260 _aNew Delhi
_bOxford University Press
_c2010
300 _ax, 569p.:ill.;figures
_bIndex
_c24cm
942 _2ddc
_cBKS
999 _c4354
_d4354